| 000 | 00444 a2200157 4500 | ||
|---|---|---|---|
| 005 | 20250605101346.0 | ||
| 020 | _a9781138064768 | ||
| 082 | _a658.7 PUR | ||
| 100 | _aJOHNSEN,T.E. | ||
| 245 | _aPurchasing and Supply Chain Management: A Sustainability Perspective. | ||
| 250 | _a2nd Ed. | ||
| 260 |
_aNew York, _bRoutledge, _c2019. |
||
| 300 |
_axvii,ill.; figure.; table.; _bindex _c24cm. |
||
| 700 | _aHOWARD, M& MIEMCZYK. J | ||
| 942 |
_2ddc _cBKS |
||
| 999 |
_c3198 _d3198 |
||